000 00752nam a2200217 4500
999 _c170383
_d170383
005 20191213152739.0
010 _aENG-127134
020 _a9789389552218
_c725.00
035 _aEN-110666
037 _bDBAD/PUB
082 _a657.833
100 _aKeown, Arthur J.
245 _aFoundations of finance :
_bby Arthur j.Keown, John D.Martin [and] J.William Petty
_cthe logic and practice of financial management /
260 _aNoida
_bPearson India Education
_c2020
270 _a15th Floor, Tower-b, World Trade Tower, Plot No.-1, Block -C, Sector 16
_bNoida
_e201301
300 _a576p.
_c27cm(pbk)
500 _aIncludes index
700 _aMartin, John D.
700 _aPetty, J.William
942 _2ddc
_cEN
_h657.833
_mKEO